| 000 | 01037cam a22002654a 4500 | ||
|---|---|---|---|
| 001 | 223871593 | ||
| 003 | OSt | ||
| 005 | 20250428154101.0 | ||
| 008 | 080603s2008 ctua b 001 0 eng | ||
| 020 | _a9780300209082 (paperback) | ||
| 040 |
_aDLC _beng _cDLC _dNUST _erda |
||
| 050 | 0 | 0 | _aJN6598.K7 LOS |
| 245 | 0 | 4 |
_aThe lost Politburo transcripts : _bfrom collective rule to Stalin's dictatorship / _cedited by Paul R Gregory and Norman Naimark. |
| 260 |
_aNew Haven : _bYale University Press, _c2008. |
||
| 300 |
_aviii, 271 pages : _bIllustrations ; _c25 cm. |
||
| 336 |
_atext _btxt _2rdacontent |
||
| 337 |
_aunmediated _bn _2rdamedia |
||
| 338 |
_avolume _bnc _2rdacarrier |
||
| 504 | _aIncludes bibliographical references and index. | ||
| 650 | _vT︠S︡K KPSS. Politbi︠u︡ro -- History -- Sources. | ||
| 650 | _vSoviet Union -- Politics and government -- 1917-1936 -- Sources. | ||
| 700 | 1 |
_aGregory, Paul R _eEditor |
|
| 700 | 1 |
_aNaimark, Norman M _eEditor |
|
| 942 |
_2lcc _cBOOKS _hJN6598.K7 LOS _kJN _mLOS _n0 |
||
| 999 |
_c171705 _d171705 |
||